| 000 | 00000nam##2200000za#4500 |
| 001 | 9.579034 |
| 003 | CaOODSP |
| 005 | 20210624190354 |
| 007 | cr ||||||||||| |
| 008 | 150406|1994||||xxc|||||o f|0| 0 eng|d |
| 022 | |a1488-5379 |
| 040 | |aCaOODSP|beng |
| 043 | |an-cn--- |
| 086 | 1 |aFs97-6/1976E-PDF |
| 110 | 1 |aCanada. |bDepartment of Fisheries and Oceans. |
| 245 | 10|aOceanographic sampling manual for the longterm Cooperative Plankton Research Monitoring Program (COPRA) / |h[electronic resource]|cby William Shaw. |
| 260 | |aNanaimo - British Columbia : |bFisheries and Oceans Canada |c1994. |
| 300 | |a56p.|bfigs., references, tables |
| 490 | 1 |aCanadian technical report of fisheries and aquatic sciences|x1488-5379|vNo. 1976 |
| 500 | |aOn t.p.: Pacific Biological Station, Nanaimo, British Columbia. The catalogue number and ISSN for the print edition appear in the PDF version. |
| 546 | |a(Résumé en français) |
| 590 | |a14-05-Supp|b2014-02-26 |
| 720 | 1 |aShaw, W. |
| 830 | #0|aCanadian technical report of fisheries and aquatic sciences,|x1488-5379|vNo. 1976|w(CaOODSP)9.504449 |
| 856 | 40|ahttp://publications.gc.ca|qPDF|s1746 KB|uhttps://publications.gc.ca/collections/collection_2014/mpo-dfo/Fs97-6-1976-eng.pdf|yNo. 1976 |